Μια θεωρία για το χάος της ασθένειας

Αποθηκεύτηκε σε:
Λεπτομέρειες βιβλιογραφικής εγγραφής
Κύριος συγγραφέας: Καλλιαντάς, Δημήτρης
Μορφή: Βιβλίο
Γλώσσα:Greek
Δημοσίευση: Αθήνα : Α. Καλλιαντά, c2010
Έκδοση:2η έκδ.
Θέματα:
Ετικέτες: Προσθήκη ετικέτας
Δεν υπάρχουν, Καταχωρήστε ετικέτα πρώτοι!

MARC

LEADER 00000cam a2200000 i 4500
001 1/31850
008 130617s2010 gre d
020 |a 978-960-93-1932-4 
035 |l 10114809 
040 |a GR-MY-UA  |b gre  |e aacr 
041 0 |a gre 
082 0 |a 615.532  |2 (22) 
100 1 |a Καλλιαντάς, Δημήτρης. 
245 1 0 |a Μια θεωρία για το χάος της ασθένειας /  |c Δημήτρης Μ. Καλλιαντάς 
250 |a 2η έκδ. 
260 |a Αθήνα :   |b Α. Καλλιαντά,   |c c2010 
300 |a 364 σ.;  |b εικ.;  |c 23 εκ. 
504 |a Βιβλιογραφία: σ. 351-364 
650 0 0 |a Homeopathy  |x Attenuations, dilutions, and potencies. 
650 0 0 |a Homeopathy  |x Case studies. 
852 |a INST  |b SYROS  |e 20130617  |h 615.532 ΚΑΛ  |p 005500010873  |q 005500010873  |t BK  |y 0 
852 |a INST  |b SYROS  |e 20130617  |h 615.532 ΚΑΛ  |p 005500010874  |q 005500010874  |t BK  |y 0 
901 |a BIBL5-2013-1 
909 |a Ε  |b 174376 
909 |a Ε  |b 174377 
970 |a ΚΟΝΤΟΥ  |b ΠΑΡΑΣΚΕΥΗ  |z 2013/06/17